Statistics for Inactive Countries

Click here to take the quiz!

General Stats

  • This quiz has been taken 507 times
  • The average score is 8 of 23

Answer Stats

Answer % Correct
United Kingdom
72%
Italy
60%
Spain
59%
Japan
59%
Ireland
58%
Saudi Arabia
52%
Portugal
50%
United Arab Emirates
47%
Kuwait
43%
Iraq
40%
Turkey
39%
South Africa
32%
Samoa
28%
Argentina
28%
Malta
27%
Cyprus
24%
Serbia
20%
Malaysia
20%
Bhutan
15%
Micronesia
13%
Namibia
11%
Swaziland
10%
Dominican Republic
8%

Score Distribution

Percentile by Number Answered

Percent of People with Each Score

Your Score History

You have not taken this quiz